000 00951cam a2200253 4500
001 ABS62507
008 000000n2000 000 0 eng u
035 _a(Sirsi) u106635
100 _aAdler, J.
245 _aChicago: tower of strength in the windy city
260 _c2000
490 _aNational Real Estate Investor
_v42(5) April 2000, 107-125(12)
520 _aReports on the state of the office, industrial, retail and hotel markets in Chicago. Notes that the speed of growth of new office towers in the next two years may lead to a slight oversupply. Graphs.
590 _aABS
650 _aCHICAGO
650 _aUNITED STATES
650 _aOVERSUPPLY
650 _aPROPERTY-COMMERCIAL PROPERTY-OFFICE PROPERTY-OFFICE PROPERTY MARKET
650 _aHOTEL MARKET
650 _aPROPERTY-COMMERCIAL PROPERTY-RETAIL PROPERTY-RETAIL PROPERTY MARKET
650 _aINDUSTRIAL MARKET
690 _aINTERNATIONAL-AMERICAS
942 _n0
999 _c63852
_d63852